000 00367nam a2200133Ia 4500
008 100328s9999 xx 000 0 und d
082 _b69680
100 _aमेहेंदळे कविता.
245 _aउमलताना.
260 _bमाुश्री.
630 _aउमलताना.
730 _aउमलताना.
942 _cBOOK
999 _c555410
_d555407